MDQL
is popping MORE tags! Check the
thread
!
Quizzes
Events
Quiz Creation
Community
Videos
Private Events
Remove Ads
Sign In
Join for FREE
Feedback
Dark Mode
Quiz Categories
Sports
Geography
Music
Movies
Television
Just For Fun
Miscellaneous
History
Literature
Language
Science
Gaming
Entertainment
Religion
Holiday
For Kids
Quiz Lab
Recent
Popular Today
Quiz Kudos Today
Editor Picks
Curator Picks
Quizzes by...
Day
Popularity
Type
Ratings
Length
Year
Community
Subscriptions
Recent Discussions
Orange Saloon
Badges
Playlists
Quests
Create
Leaderboards
Showdown
Live 5
Trivia Bingo
Activity
Puzzle Library
Sporcle Events
Private Events
Virtual Trivia
Globe League
Become a Host
Pub Owners
SporcleCon
Opinionation
Our Games
Videos
Blog
Mobile Apps
Partnerships
Remove Ads and Go Orange
Feedback
Music
Pop Music
The Beatles
Song
Album
Lyrics
Bands
Singers
Artist
Clip
Rock
Rap
Classical
Billboard
Country Music
Kpop
Taylor Swift
Music
Pop Music
The Beatles
Song
Album
Lyrics
Bands
Singers
Artist
Clip
Rock
Rap
Classical
Billboard
Country Music
Kpop
Taylor Swift
Random Quiz
Search Sporcle
×
Quiz Lab
Quiz Lab
Music
Artist
Select answers by clicking on text or image buttons
Select answers by clicking on text or image buttons
Clickable
Best Score? Go Orange.
Who sings these one-word title songs? Stats
Can you match the kpop artist to the one-word song?
By
marianahaz
7m
50 Questions
1,472 Plays
1,472 Plays
1,472 Plays
Comments
Comments
Give Quiz Kudos
Give Quiz Kudos
-
- Ratings
hide this ad
Forced Order
Answers have to be entered in order
Answers have to be entered in order
Random Order
Randomize order of answers
Randomize order of answers
Replay
Link that replays current quiz
Next Quiz
Link to next quiz in quiz playlist
You Got
0%
They Got
Avg Score
64%
Avg Friend Score
Upgrade to see
Score Distribution
Jump to the score distribution portion of the page
Score
0/50
Timer
07:00
0
Plays Today
% Correct
Twice
92.6%
BTS
90.7%
EXO
89.9%
Seventeen
88.5%
SHINee
86.5%
CLC
84.4%
GOT7
84.2%
NCT 127
84.1%
BLACKPINK
83.4%
4minute
83.4%
Orange Caramel
83%
EXID
81.2%
Infinite
80.2%
MAMAMOO
78.7%
Beast
78.5%
Miss A
77%
Super Junior
74.4%
Taeyeon
74.2%
Wonder Girls
74%
BAP
72.9%
Winner
70.3%
Block B
68.8%
Lovelyz
66.6%
2PM
64.9%
Teen Top
64.8%
% Correct
Monsta X
64.7%
Sistar
64.3%
Red Velvet
64%
VIXX
63.8%
Girls Day
61.9%
History
61.5%
Apink
59.4%
KARA
58.8%
Troublemaker
58.5%
UP10TION
55%
Oh My Girl
53.6%
April
53.5%
Lee Hi
50.5%
Ailee
49.8%
U-KISS
49.5%
FT Island
47.8%
AKMU
45.5%
Sonamoo
43%
Shinhwa
41%
Junsu
39.7%
Boyfriend
38.7%
Stellar
36.7%
N.Flying
34.2%
Madtown
33.4%
Nine Muses
32.7%
Quiz Playlist
Details
Report
Send in Message
Add To Playlist
Clickable:
Select answers by clicking on text or image buttons
Forced Order:
Answers have to be entered in order
Random Order:
Randomize order of answers
Last Updated: Mar 12, 2017
Quiz Scoreboard
CHALLENGE
Sign Up to Join the Scoreboard
Show All
Scores
Hide
Comments
May contain spoilers
Recently Published
1-10 Letter E Words III
by El_Dandy
Language
2m
Street Fighter Characters
by Artimus82
Gaming
60s
College Basketball Coaching Resumes
by pancakes188
Sports
9m
More to Explore
Quiz From the Vault
Featured Blog Post
Where Did the Easter Bunny Come From?
hide this ad
You Might Also Like...
Tags
Artist Quiz
Clickable Quiz
Kpop Quiz
Song Quiz
1-word
Kpop Quiz
Sing
Today's Top Quizzes in Music
Browse Music
hide this ad
Today's Top Quizzes in Artist
Browse Artist
Top Contributed Quizzes in Music
1
Taylor Swift All Songs (2024)
2
Taylor Swift Logic Puzzle
3
Guess the Artist- 70s Songs
4
7-to-1: Billboard Hot 100 #1 Hits of 2010s
5
Sorting Albums and Songs
6
KPOP LOGIC QUIZ
7
Billboard Blitz: Aretha Franklin
8
Guess the Taylor Swift song (Mystery Song)
9
Guess The Taylor Swift Lyrics Song #1
10
Billboard Blitz: ABBA
Explore More
Trending Topics
Anime
Kpop
Harry Potter
Disney
NBA
Marvel
Crossword
Puzzle
WWE
Soccer
Country
NFL
Song
The Office
Pokémon
hide this ad
More By:
marianahaz
Quiz
Plays
Rating
Category
Featured
Created
Odd Song Out: K-pop
64,546
4.06
Music
Feb 21, 2017
Kpop True or False
7,265
4.12
Music
Feb 24, 2017
Which of these are actual kpop groups?
4,788
4.53
Music
Feb 20, 2017
Kpop Logic! Guess all the groups with hints.
3,336
4.33
Music
Feb 21, 2017
Match the song to the group!
1,654
5.00
Music
Feb 21, 2017
Go to Creator's Profile
Score Distribution
Quiz Creator Spotlight
marianahaz
Follow
Send a Message
Quizzes Created
-
Created Quiz Play Count
-
More By This Creator
Popular Quizzes Today
1
Find the US States - No Outlines Minefield
2
Find the Countries of Europe - No Outlines Minefield
3
The Countries of the World
4
Find the US States
5
Risky Map Clicking: Biggest States A-Z
6
US States
7
Popular People in 1961
8
Movies - When Are They Set?
More Music Quizzes
The Killers Quiz
Editor's Pick
Trending Quizzes
Risky Map Clicking: Least Populous States A-Z
USA Borders Longest to Shortest
1-10 Letter G Words
1-10 Letter F Words
Countries of the World: 200 Million BC
Recently Updated
Beyoncé Albums
pecheneg
Leaping Animals
pecheneg
Reality TV Shows (A-Z)
bhenderson79
Rickey Henderson's Hall of Fame Teammates
pecheneg
Champions League XIs: Arsenal
pecheneg
Quick Pick: Celebrities in WWE's Hall of Fame
aduchscher
A-Z Keypad Blitz II
pecheneg
Multiple Oscar Actors
pecheneg
Mystery Phrase Blitz: Oscar 'Best Actors'
pecheneg
F. Scott Fitzgerald Novels
LTH
Trending Topics
Harry Potter
Disney
Marvel
NBA
Anime
Kpop
Crossword
Soccer
Pokémon
NFL
WWE
Song
Puzzle
The Office
Country
Your Account Isn't Verified!
In order to create a playlist on Sporcle, you need to verify the email address you used during registration. Go to your
Sporcle Settings
to finish the process.
Report this User
Report this user for behavior that violates our
Community Guidelines
.
Details:
Send Report
Go to the Sporcle.com Mobile Site →
Comments